000 00909nam a2200265 i 4500
003 vecauma
005 20260410183540.0
007 ta
008 260410s1961 ve |||||r|||| 00| 0 spa d
040 _avecauma
_bspa
_cvecauma
_dvecauma
_erda
041 0 _aspa
099 _fFOLLETO 0402
100 1 _aRosenblat, Ángel,
_d1902-1984
_eautor
_96414
245 1 3 _aEl pensamiento gramatical de Bello
_c/ Ángel Rosenblat.
264 1 _aCaracas, Venezuela :
_bEdiciones del Liceo "Andrés Bello",
_c1961.
300 _a44 páginas.
336 _atexto
_btxt
_2rdacontenido
337 _ano mediado
_bn
_2rdamedio
338 _avolumen
_bnc
_2rdasoporte
500 _aConferencia pronunciada en el Auditórium del Liceo "Andrés Bello", en noviembre de 1959.
600 1 0 _920
_aBello, Andrés,
_d1781-1865
_xGramática
650 0 _94726
_aESPAÑOL
_xGRAMATICA
942 1 _2lcc
_n0
_cFOL
999 _c13347
_d13347